Sociálny pedagóg

Kompetenčný profil sociálneho pedagóga. Identifikácia vývinových a individuálnych charakteristík. Analýza sociokultúrneho prostredia. Identifikácia špecifík vývinu, učenia a správania. Plánovanie, projektovanie a realizácia prevencie. Poradenská a konzultačná činnosť. Realizácia intervencie, reeduk...

Descripción completa

Guardado en:
Detalles Bibliográficos
Autor principal: Matulová Juríková, Zdenka
Formato: Capítulo de libro
Lenguaje:eslovaco
Materias:
Etiquetas: Agregar Etiqueta
Sin Etiquetas, Sea el primero en etiquetar este registro!

MARC

LEADER 00000naa a2200000 4500
001 0303373
005 20240805101319.4
041 0 |a slo 
044 |a SK 
245 1 0 |a Sociálny pedagóg  |c Zdenka Matulová Juríková 
520 |a Kompetenčný profil sociálneho pedagóga. Identifikácia vývinových a individuálnych charakteristík. Analýza sociokultúrneho prostredia. Identifikácia špecifík vývinu, učenia a správania. Plánovanie, projektovanie a realizácia prevencie. Poradenská a konzultačná činnosť. Realizácia intervencie, reedukácie a socioterapie. Hodnotenie činností. Profesijný rozvoj. 
610 2 0 |a pedagogika sociálna 
610 2 0 |a zamestnanci odborní 
610 2 0 |a správanie 
610 2 0 |a žiaci 
610 2 0 |a rodina 
610 2 0 |a prevencia 
610 2 0 |a intervencie 
610 2 0 |a rozvoj profesijný 
100 1 |a Matulová Juríková, Zdenka